| Record ID | marc_records_scriblio_net/part28.dat:62820121:960 |
| Source | Scriblio |
| Download Link | /show-records/marc_records_scriblio_net/part28.dat:62820121:960?format=raw |
LEADER: 00960cam 2200253 a 4500
001 99214373
003 DLC
005 19990823193551.0
008 990609s1998 mx b 001 0 spa
010 $a 99214373
020 $a968120896X
040 $aDLC$cDLC$dDLC
043 $an-mx---
050 00 $aP57.M6$bB37 1999
082 00 $a410/.972$221
100 2 $aBarriga Villanueva, Rebeca.
245 13 $aLa lingüística en México, 1980-1996 /$cRebeca Barriga Villanueva y Claudia Parodi.
250 $a1. ed.
260 $aMéxico, D.F. :$bColegio de México, Centro de Estudios Lingüísticos y Literarios ;$a[Los Angeles, California] :$bUniversidad de California, Centro de Estudios Chicanos,$c1998.
300 $a614 p. ;$c23 cm. +$e1 computer laser optical disk (4 3/4 in.)
504 $aIncludes bibliographical references and indexes.
650 0 $aLinguistics$xResearch$zMexico$xHistory.
650 0 $aLinguistics$vBibliography.
700 1 $aParodi, Claudia.